LIBRARY & INFORMATION CENTRE, KCAET, TAVANUR

ONLINE PUBLIC ACCESS CATALOGUE (OPAC)

Irrigation Atlas of India Vol.1 (Record no. 19461)

MARC details
000 -LEADER
fixed length control field 00407nam a22001337a 4500
003 - CONTROL NUMBER IDENTIFIER
control field OSt
008 - FIXED-LENGTH DATA ELEMENTS--GENERAL INFORMATION
fixed length control field 250228b |||||||| |||| 00| 0 eng d
041 ## - LANGUAGE CODE
Language code of text/sound track or separate title eng
100 ## - MAIN ENTRY--AUTHOR NAME
Personal name Dutt, GK
245 ## - TITLE STATEMENT
Title Irrigation Atlas of India Vol.1
260 ## - PUBLICATION, DISTRIBUTION, ETC. (IMPRINT)
Place of publication Culcutta:
Name of publisher National Atlas Thematic Mapping Organisation, Department of Science and Technology, Govt of India,
Year of publication 1987.
700 ## - ADDED ENTRY--PERSONAL NAME
Personal name Kundu, AK
942 ## - ADDED ENTRY ELEMENTS (KOHA)
Koha item type Books
Holdings
Withdrawn status Lost status Damaged status Home library Current library Date acquired Cost, normal purchase price Accession Number Koha item type
      KAUAET KAUAET 28/02/2025 80.00 16505 Books
free website counter